000 01028cam a2200217 4500
001 WB4011-18
008 040318n2004 000 0 eng u
035 _a(Sirsi) u125468
245 _aScottish right to buy extended
260 _c2004
490 _aScottish Executive News Release
_v(SEEN818/2004) 9 March 2004 (2)
520 _aFollowing consultation on the Land Reform (Scotland) Act 2003, an order has been laid in the Scottish Parliament, which will allow communities in settlements with a population of up to 10 000 to buy land when it comes to be sold. It is estimated that an extra 117 settlements will benefit. Community right to buy is a key element of Scottish land reform intended to end the deadlock of private ownership. http://www.scotland.gov.uk/pages/news/2004/03/SEEN 818.aspx
590 _aWB
590 _aWB
650 _aSCOTLAND
650 _aLAND REFORM
650 _aLAND REFORM (SCOTLAND) ACT 2003
650 _aCOMMUNITY RIGHT TO BUY
690 _aPROPERTY AND LAND LAW
942 _n0
999 _c117116
_d117116